01053nam a2200253 a 450000100060000000300080000600500170001400800410003103500190007204000260009104100080011708200260012510000290015124500500018026000790023030000420030965000360035165000190038794200120040699900170041895201240043595201200055995201200067985028BD-RjUL20250622142735.0250622s1995 bg ||||| |||| 00| 0 ben d a(BD-RjUL)85028 aBD-RjULbengcBD-RjUL aben 223a891.441bSHB 1995 aশাহ, রকীব  aবনবীথি / cরকীব শাহ aঢাকা :bবনবীথি প্রকাশনী,c১৯৯৫ a৫৬ পৃ.;c২২ সেমি. aবাংলা কবিতা aBengali poetry 2ddccBK c85028d85028 00102ddc40718NFICaRUCLbRUCLcReadingd2025-05-28l0oB 891.441 SHB 1995r2025-06-22 00:00:00tC-1w2025-06-22yBK 00102ddc40708NFICaRUCLbRUCLcGENd2025-05-28l0oB 891.441 SHB 1995r2025-06-22 00:00:00tC-2w2025-06-22yBK 00102ddc40708NFICaRUCLbRUCLcGENd2025-05-28l0oB 891.441 SHB 1995r2025-06-22 00:00:00tC-3w2025-06-22yBK